skbl

Dr Suryya Kumar Bhuyan Library Web-OPAC
ডঃ সূৰ্য্য
কুমাৰ ভূঞা পুথিভঁৰাল ৱেব-অ'পেক

All Research Scholars are advised to clear the annual library fees to continue using Library Resources, Remote Access, Plagiarism Test and Library Clearance.

Cotton University Book Fair 2026

Fundamental Of Documentation : With Special reference to India (Record no. 65678)

MARC details
000 -LEADER
fixed length control field 00566nam a2200193Ia 4500
001 - CONTROL NUMBER
control field 64578
008 - FIXED-LENGTH DATA ELEMENTS--GENERAL INFORMATION
fixed length control field 210407n ii |||gr||||Z||||||465
020 ## - INTERNATIONAL STANDARD BOOK NUMBER
International Standard Book Number 81-207-1008-8
082 ## - DEWEY DECIMAL CLASSIFICATION NUMBER
Classification number 020
100 ## - MAIN ENTRY--PERSONAL NAME
Personal name Kawatra.
245 #0 - TITLE STATEMENT
Title Fundamental Of Documentation : With Special reference to India
Statement of responsibility, etc. By P S Kawatra
Medium Textual Documents
250 ## - EDITION STATEMENT
Edition statement 3rd Rev Enlarged edn.
260 ## - PUBLICATION, DISTRIBUTION, ETC.
Place of publication, distribution, etc. New Delhi
Name of publisher, distributor, etc. Sterling publishers
Date of publication, distribution, etc. 1989.
300 ## - PHYSICAL DESCRIPTION
Extent 250pg:
Dimensions 23cm.
653 ## - INDEX TERM--UNCONTROLLED
Uncontrolled term Library Science
653 ## - INDEX TERM--UNCONTROLLED
Uncontrolled term Documentation------India
653 ## - INDEX TERM--UNCONTROLLED
Uncontrolled term G-Library Science
942 ## - ADDED ENTRY ELEMENTS (KOHA)
Source of classification or shelving scheme Dewey Decimal Classification
Koha item type Books
Holdings
Withdrawn status Lost status Damaged status Not for loan Collection Home library Current library Shelving location Date acquired Coded location qualifier Cost, normal purchase price Total checkouts Full call number Barcode Date last seen Copy number Price effective from Koha item type
          Dr. Suryya Kumar Bhuyan Library Dr. Suryya Kumar Bhuyan Library   07/04/2021 00000 40.00   020 Ka 23 Fu 71268(replaced) 14/01/2024 1 07/04/2021 Books

Designed and Maintained by Team SKBL
©1901-2026

Powered by Koha